MARC

LEADER 00000nam0a2200000 4500
001 320827
005 20231102003322.0
035 |a (RuTPU)RU\TPU\book\346358 
090 |a 320827 
100 |a 20160726d1971 m y0rusy50 ca 
101 0 |a rus 
102 |a RU 
105 |a a z 001zy 
200 1 |a К берегам Нового Света: из неопубликованных записок русских путешественников начала XIX века  |f Л. А. Шур 
210 |a Москва  |c Наука  |d 1971 
215 |a 286 с.  |c ил. 
320 |a Вступительная статья: с. 7-13 
320 |a Приложения: с. 260-268 
320 |a Примечания: с. 269-277 
320 |a Список сокращений: с. 278 
320 |a Указатель географических названий: с. 279-282 
320 |a Указатель имен: с. 283-286 
600 1 |a Литке  |b Ф. П.  |c российский государственный деятель  |c президент Петербургской Академии Наук  |c один из основателей Русского Географического Общества  |c мореплаватель  |f 1797-1832  |g Федор Петрович  |2 stltpush  |3 (RuTPU)RU\TPU\pers\23474  |9 10232 
600 1 |a Врангель  |b Ф. П.  |c мореплаватель  |c исследователь Арктики  |c адмирал  |c почетный член Петербургской АН (1855)  |c один из учредителей ИРГО  |f 1796-1870  |g Фердинанд Петрович  |2 stltpush  |3 (RuTPU)RU\TPU\pers\28680  |9 13496 
610 1 |a географическая литература 
610 1 |a русские путешественники 
610 1 |a путешествия 
610 1 |a кругосветные плавания 
610 1 |a кругосветные экспедиции 
610 1 |a кругосветные путешествия 
610 1 |a 19 век 
675 |a 91(09)  |v 4 
700 1 |a Шур  |b Л. А.  |g Леонид Авелевич  |4 070 
801 1 |a RU  |b 63413507  |c 20160726 
801 2 |a RU  |b 63413507  |c 20160726  |g RCR 
942 |c BK